000 01364naa a22003257a 4500
001 BR8103139
003 BR-BrBNA
005 20250716171006.0
007 ta
008 250630b bl.|||m| |||| 00| 0 por d
040 _aBR-BrBNA
_bpor
_cBiblioteca Nacional de Agricultura
041 _a(Pt)
072 _aK50; P05; E30
_b8901
_b8907
_b8961
_bG514
090 _aK50 BR8103139
100 1 _aKling, S.H.
245 1 _aEtanol a partir da madeira [Industria florestal; Recurso energetico; Alcool; Combustivel; Brasil]
246 1 _a[Ethane obtained from wood [Forest industry; Energy resource; Alcohol; Fuel; Brazil]]
246 1 _a[Wood utilization for energy purposes]
500 _aUso da madeira para fins energeticos Penedo, W.R. (comp.) Belo Horizonte, MG (Brasil): 1980. p. 83-99 [24 ref.] (BR8103139-AMS)
773 0 _tUso da madeira para fins energeticos
_aPenedo, W.R. (comp.). Fundacao Centro Tecnologico de Minas Gerais, Belo Horizonte (Brasil)
_wK50 BR8103139
_gBelo Horizonte, MG (Brasil), 1980. p. 83-99
650 _aIndustria florestal
650 _aRecurso energetico
650 _aMadeira
650 _aAlcool
650 _aEtanol
650 _aCombustivel
490 _aSerie de Publicacoes Tecnicas - Fundacao Centro Tecnologico de Minas Gerais (Brazil)
_vno. 1
942 _cAMS
_2AGRIS
909 _a202506
_bLúcia
_c55
_dLúcia Elande
999 _c333721
_d333721